书目信息 |
| 题名: |
病理学学习指导
|
|
| 作者: | 宫恩聪 主编 | |
| 分册: | ||
| 出版信息: | 北京 北京医科大学.中国协和医科大学 1998 |
|
| 页数: | 133页 | |
| 开本: | 26cm | |
| 丛书名: | 医学高等专科生学习指导丛书 | |
| 单 册: | ||
| 中图分类: | R36 | |
| 科图分类: | ||
| 主题词: | 病理学 | |
| 电子资源: | ||
| ISBN: | 7-81034-914-7 | |
| 000 | 00692nam0 2200229 450 | |
| 001 | 0738306075 | |
| 005 | 20070717093141.54 | |
| 010 | @a7-81034-914-7@dCNY13.80 | |
| 100 | @a20070715d1998 km y0chiy0120 ea | |
| 101 | 0 | @achi |
| 102 | @aCN | |
| 200 | 1 | @a病理学学习指导@Abing li xue xue xi zhi dao@f宫恩聪主编@Fgong en cong zhu bian |
| 210 | @a北京@c北京医科大学.中国协和医科大学@d1998 | |
| 215 | @a133页@d26cm | |
| 225 | 2 | @a医学高等专科生学习指导丛书 |
| 300 | @a中央广播电视大学医科大专指定辅导教材 | |
| 410 | 0 | @12001 @a医学高等专科生学习指导丛书 |
| 606 | 0 | @a病理学 |
| 690 | @aR36@v3 | |
| 701 | 0 | @a宫恩聪@Agong en cong@4主编 |
| 801 | 0 | @aCN@bPFT@c20070717 |
| 905 | @a10447@dR36@e136 | |
| 病理学学习指导/宫恩聪主编.-北京:北京医科大学.中国协和医科大学,1998 |
| 133页;26cm.-(医学高等专科生学习指导丛书) |
| 中央广播电视大学医科大专指定辅导教材 |
| ISBN 7-81034-914-7:CNY13.80 |
| ● |
| 相关链接 |
|
|
|
|
正题名:病理学学习指导
索取号:R36/136
 
预约/预借
| 序号 | 登录号 | 条形码 | 馆藏地/架位号 | 状态 | 备注 |
| 1 | 0775156 | 207751565 | 第二样本阅览室/ [索取号:R36/136] | 在馆 |